Central Library OPAC University of Rajshahi

Sets, functions and numbers / (Record no. 68128)

MARC details
000 -LEADER
fixed length control field 00781nam a2200265 a 4500
001 - CONTROL NUMBER
control field 68128
003 - CONTROL NUMBER IDENTIFIER
rucl marc code BD-RjUL
005 - DATE AND TIME OF LATEST TRANSACTION
control field 20211209081732.0
008 - FIXED-LENGTH DATA ELEMENTS--GENERAL INFORMATION
fixed length control field 060309s2005 enka 001 0 eng d
035 ## - SYSTEM CONTROL NUMBER
System control number (BD-RjUL)68337
038 ## - RECORD CONTENT LICENSOR
Record content licensor OCoLC
040 ## - CATALOGING SOURCE
Original cataloging agency HKP
Transcribing agency HKP
Modifying agency GZM
-- BAKER
-- BTCTA
-- NLE
-- BD-RjUL
Language of cataloging eng
041 ## - LANGUAGE CODE
Language code of text/sound track or separate title eng
082 ## - DEWEY DECIMAL CLASSIFICATION NUMBER
Edition number 23
Classification number 511.322
Author mark and year LUS 2005
100 1# - MAIN ENTRY--PERSONAL NAME
Personal name Luthar, I. S.
9 (RLIN) 201959
245 10 - TITLE STATEMENT
Title Sets, functions and numbers /
Statement of responsibility, etc. I.S. Luthar.
260 ## - PUBLICATION, DISTRIBUTION, ETC. (IMPRINT)
Place of publication, distribution, etc. Oxford :
Name of publisher, distributor, etc. Alpha Science International,
Date of publication, distribution, etc. c2005.
300 ## - PHYSICAL DESCRIPTION
Pagination ix, 339 p. :
Illustrations ill. ;
Size 25 cm.
500 ## - GENERAL NOTE
General note Includes index.
650 #0 - SUBJECT ADDED ENTRY--TOPICAL TERM
Topical term or geographic name as entry element Set theory.
9 (RLIN) 201960
Topical term or geographic name as entry element Numbers, Natural.
9 (RLIN) 201961
Topical term or geographic name as entry element Numbers, Real.
9 (RLIN) 201962
Topical term or geographic name as entry element Functions of real variables.
9 (RLIN) 153288
942 ## - ADDED ENTRY ELEMENTS (KOHA)
Source of classification or shelving scheme Dewey Decimal Classification
Koha item type Books
Holdings
Lost status Source of classification or shelving scheme Damaged status Not for loan Collection code Permanent Location Current Location Shelving location Date acquired Source of acquisition Cost, normal purchase price Total Checkouts Full call number Date last seen Copy number Koha item type
  Dewey Decimal Classification   Not For Loan Non-fiction Central Library, University of Rajshahi Central Library, University of Rajshahi Reading Room 17/08/2010 Paragon Enterprise ltd., Dhaka 290.00   511.322 LUS 2005 30/03/2017 C-1 Books